|
|
|
|
| LEADER |
00766nam a22001697a 4500 |
| 008 |
171229b xxu||||| |||| 00| 0 eng d |
| 999 |
|
|
|c 21040
|d 21040
|
| 082 |
|
|
|a U 894.1107
|b KUM/RAM
|
| 240 |
|
|
|a Kumaranasante Kavyaprapancham
|
| 245 |
|
|
|a കുമാരനാശാന്റെ കാവ്യപ്രപഞ്ചം /
|c കെ രാമചന്ദ്രന് നായര്
|
| 250 |
|
|
|a 1st ed.
|
| 260 |
|
|
|a തിരുവനന്തപുരം :
|c 1976.
|b കേരളസര്വകലാശാല,
|
| 300 |
|
|
|a 401p.
|
| 650 |
|
|
|a Study
|
| 700 |
|
|
|a Ramachandran Nair, K.
|
| 942 |
|
|
|2 ddc
|c REF
|
| 952 |
|
|
|0 0
|1 0
|2 ddc
|4 0
|5 1
|6 U_894_110700000000000_KUM_RAM
|7 0
|9 29185
|a MAIN
|b MAIN
|d 2017-12-29
|e Gift
|g 12.00
|o U 894.1107 KUM/RAM
|p 26323
|r 2017-12-29
|t 1
|w 2017-12-29
|y REF
|